Sports Quiz

Random Sports or NBA Quiz
Score 0/31 Timer 05:00
0 Plays Today
Year Player % Correct
2003LeBron James
94.6%
1995Kevin Garnett
83.6%
1996Kobe Bryant
82.5%
2004Dwight Howard
75.6%
2001Kwame Brown
60.9%
1997Tracy McGrady
49.3%
2005Andrew Bynum
47.1%
2004Josh Smith
46%
2004J.R. Smith
45.1%
1999Leon Smith
44.1%
1989Shawn Kemp
42.9%
1996Jermaine O'Neal
40.4%
2002Amare Stoudemire
38.4%
2001Tyson Chandler
35.3%
2001Eddy Curry
32.6%
2005Gerald Green
31.9%
Year Player % Correct
2004Sebastian Telfair
30.5%
2000Darius Miles
29.2%
2003Kendrick Perkins
26.2%
2004Shaun Livingston
24.2%
2004Al Jefferson
23.7%
1999Jonathan Bender
18.6%
1975Darryl Dawkins
17.9%
2005Martell Webster
17.9%
2004Robert Swift
16.2%
1998Al Harrington
14.4%
2003Travis Outlaw
13.2%
2000DeShawn Stevenson
11.3%
2004Dorell Wright
10.8%
2001DeSagana Diop
10.3%
2003Ndudi Ebi
8.8%
Come Together.
Have Fun.
All Virtual.
We all need to come together. Play Sporcle's virtual live trivia to have fun, connect with people, and get your trivia on. Join a live hosted trivia game for your favorite pub trivia experience done virtually. If a virtual private party is more your thing, go here for details.

You're not logged in!

Compare scores with friends on all Sporcle quizzes.
OR
Log In

Sporcle TV

Today on Sporcle TV


Watch our educational content, quiz creation guides, and fun videos on Sporcle TV.

Show Comments

Extras

Top Quizzes Today


Score Distribution

Paid Content

Your Account Isn't Verified!

In order to create a playlist on Sporcle, you need to verify the email address you used during registration. Go to your Sporcle Settings to finish the process.

Report this User

Report this user for behavior that violates our Community Guidelines.

Details: